02365nam a2200541Ia 45000010005000000080041000050100009000460410014000550820033000692450086001022600011001883000008001995200007002076300016002146300015002306300028002456500032002736900014003057000035003197000029003547000042003839010080004259020006005059030043005119040018005549050063005729060006006359070014006419080014006559090051006699100015007209110010007359120014007459130009007599140024007689150019007929160009008119170009008209180014008299190023008435200898008669210007017649220007017719230006017789240014017849420010017989990015018082000241029s9999 xx 000 0 und d a1876 aEspañol aCURNE ped-129 F.H. 2010 M.A. 0aEstrategias de intervención Psicopedagógica para la mejora de la disgrafía. aDuarte a110 a26 aDisgrafía aEstrategia aOrientación Educativa aCompetencia Lingüística aElaborado easesoraContreras, Ana Dolores eautoraMartínez, Henry eautorade la Cruz Núñez, Yasmín a{"1":"Martínez","2":"de la Cruz Núñez"}b{"1":"Henry","2":"Yasmín"} a1 a{"1":"Contreras"}b{"1":"Ana Dolores"} aMaestría en aOrientación Educativa e Intervención Psicopedagógica a2 aNO APLICA aNO APLICA aUniversidad Autónoma de Santo Domingo (UASD) aNULLbNULL a["1"] aNO APLICA aNULL a01 de Junio de 2010 a24/12/19 02:12 aNULL aNULL aNO APLICA a["286","92","148"] aEl propósito de esta investigación fue conocer las estrategias de intervención psicopedagógicas que sirven de apoyo, y producir cambios en el alumnado, lo que repercuta de manera directa en el centro educativo.La metodología que se utilizó fue la investigación cualitativa. El contexto donde se desarrolló fue la Escuela de Payita ubicada en el Distrito Municipal de Arroyo Salado.Los resultados obtenidos en esta investigación acción fueron visibles en cada uno de los participantes, ya que permitió el crecimiento y desarrollo tanto personal como académico de los participantes, la experiencia significativa de las intervenciones, a través de las motivación y el interés mostrado por el profesorado. Además, del empoderamiento de estrategias de intervención psicopedagógicas, que tuvo resultado el cambio significativo en el accionar del Centro Educativo. a28 a28 a0 aNO APLICA cTesis c1876d1876